| 000 | 00864nam a2200241Ia 4500 | ||
|---|---|---|---|
| 003 | OSt | ||
| 005 | 20220923220824.0 | ||
| 006 | a|||||r|||| 00| 0 | ||
| 007 | ta | ||
| 008 | 220922b |||||||| |||| 00| 0 hin d | ||
| 024 | _a190,956 | ||
| 037 | _cTextual | ||
| 040 |
_aARTS _cARTS _bhin |
||
| 041 |
_2hin _ahin |
||
| 082 | _aR65,6, 152M0 | ||
| 100 |
_aगांधी, मो0 क0, अनु. _9164660 |
||
| 245 | 0 |
_aअनासक्ति योग _b भगवद्गीता अनुवाद सहित |
|
| 246 | _aAnāsakti yoga: bhagavadgītā anuvād sahita | ||
| 260 |
_aनई दिल्ली _b सस्ता साहित्य मण्डल प्रकाशन _c1980 |
||
| 300 |
_a170पृ. _ccm. |
||
| 942 |
_hR65,6, 152M0 _cTEXL _2CC |
||
| 999 |
_c343677 _d343677 |
||